000 01359nam a2200265Ia 4500
003 OSt
005 20220930094805.0
006 a|||||r|||| 00| 0
007 ta
008 220926b |||||||| |||| 00| 0 hin d
024 _a19395
037 _cTheses
040 _aCRL
_cCRL
_bhin
041 _2hin
_ahin
100 _aनेगी, सरिता
110 _aदिल्ली विश्वविद्यालय. संगीत संकाय. संगीत एवं ललित कला विभाग
_9556294
245 0 _aकिन्नौर की विभिन्न लोकभाषाओं में गाए जाने वाले लोकगीतों का सांगीतिक विवेचन
246 _aKinnaur kī vibhinna lokabhāṣhāoan mean gāe jāne vāle lokagītoan kā sāangītik vivechana
260 _c2014
650 _aभारतीय संगीत
700 _a प्रो. नजमा परवीन अहमद, गा.
_9159973
700 _aदिल्ली विश्वविद्यालय. संगीत संकाय. संगीत एवं ललित कला विभाग
_9556295
942 _cDIS
_2CC
999 _c887687
_d887687